[Event "Weekender - Expert"]
[Site "Enniscrone, Sligo, IE"]
[Date "2026.02.01"]
[Round "4"]
[White "Nichenametla V, Advaith"]
[Black "Alvarez Jimenez, Alfonso"]
[Result "1-0"]
[Board "1"]
[WhiteFideId "2516896"]
[BlackFideId "2297418"]
[WhiteElo "1953"]
[BlackElo "1868"]
[WhiteTeam "IRL"]
[BlackTeam "ESP"]
[WhiteClock "0:11:02"]
[BlackClock "0:00:17"]
[Variant "Standard"]

1. e4 {[%clk 1:30:59]}  c5 {[%clk 1:27:15]} 2. Nc3 {[%clk 1:31:24]}  d6 {[%clk 1:27:38]} 3. Nge2 {[%clk 1:31:47]}  Nf6 {[%clk 1:27:16]} 4. g3 {[%clk 1:32:12]}  h5 {[%clk 1:24:27]} 5. h3 {[%clk 1:28:12]}  Nc6 {[%clk 1:22:50]} 6. Bg2 {[%clk 1:28:12]}  Bd7 {[%clk 1:21:12]} 7. d3 {[%clk 1:27:05]}  Rc8 {[%clk 1:17:00]} 8. Be3 {[%clk 1:24:42]}  e5 {[%clk 1:07:28]} 9. f4 {[%clk 1:15:25]}  Nd4 {[%clk 1:05:34]} 10. fxe5 {[%clk 1:04:42]}  dxe5 {[%clk 1:04:28]} 11. Bg5 {[%clk 0:58:54]}  Be7 {[%clk 0:59:13]} 12. Rf1 {[%clk 0:45:07]}  b5 {[%clk 0:50:50]} 13. Bxf6 {[%clk 0:44:37]}  Bxf6 {[%clk 0:51:10]} 14. Nd5 {[%clk 0:44:54]}  Qa5+ {[%clk 0:50:45]} 15. c3 {[%clk 0:44:46]}  Nxe2 {[%clk 0:42:54]} 16. Qxe2 {[%clk 0:44:52]}  Bd8 {[%clk 0:37:23]} 17. Kf2 {[%clk 0:38:53]}  Qa6 {[%clk 0:34:30]} 18. Kg1 {[%clk 0:37:52]}  Qg6 {[%clk 0:32:50]} 19. Kh2 {[%clk 0:33:20]}  Be6 {[%clk 0:27:14]} 20. d4 {[%clk 0:31:34]}  cxd4 {[%clk 0:24:43]} 21. cxd4 {[%clk 0:31:03]}  exd4 {[%clk 0:23:58]} 22. Qxb5+ {[%clk 0:31:21]}  Bd7 {[%clk 0:23:56]} 23. Qb4 {[%clk 0:31:32]}  d3 {[%clk 0:18:45]} 24. Rad1 {[%clk 0:28:59]}  a5 {[%clk 0:13:31]} 25. Qb3 {[%clk 0:22:25]}  h4 {[%clk 0:06:01]} 26. g4 {[%clk 0:19:13]}  Bxg4 {[%clk 0:01:37]} 27. hxg4 {[%clk 0:18:19]}  Rc2 {[%clk 0:01:47]} 28. Rxd3 {[%clk 0:16:44]}  Rxg2+ {[%clk 0:01:38]} 29. Kxg2 {[%clk 0:16:37]}  Qxg4+ {[%clk 0:01:56]} 30. Kf2 {[%clk 0:11:46]}  O-O {[%clk 0:01:50]} 31. Rg1 {[%clk 0:11:12]}  Qxe4 {[%clk 0:02:04]} 32. Qc3 {[%clk 0:11:04]}  f6 {[%clk 0:00:21]} 33. Rd4 {[%clk 0:11:02]}  Qf5+ {[%clk 0:00:17]} 1-0

[Event "Weekender - Expert"]
[Site "Enniscrone, Sligo, IE"]
[Date "2026.02.01"]
[Round "4"]
[White "Heron, Lorcan"]
[Black "Taaffe, Paul"]
[Result "1-0"]
[Board "2"]
[WhiteFideId "2529343"]
[BlackFideId "2503549"]
[WhiteElo "1865"]
[BlackElo "1883"]
[WhiteTeam "IRL"]
[BlackTeam "IRL"]
[WhiteClock "0:12:57"]
[BlackClock "0:00:54"]
[Variant "Standard"]

1. d4 {[%clk 1:30:36]}  d5 {[%clk 1:28:18]} 2. c4 {[%clk 1:30:59]}  dxc4 {[%clk 1:27:59]} 3. Nf3 {[%clk 1:31:17]}  Nf6 {[%clk 1:28:11]} 4. e3 {[%clk 1:31:43]}  e6 {[%clk 1:28:23]} 5. Bxc4 {[%clk 1:32:09]}  Be7 {[%clk 1:28:31]} 6. O-O {[%clk 1:32:25]}  O-O {[%clk 1:28:53]} 7. Nc3 {[%clk 1:32:49]}  c5 {[%clk 1:28:55]} 8. Qe2 {[%clk 1:33:00]}  Nc6 {[%clk 1:28:24]} 9. Rd1 {[%clk 1:33:14]}  cxd4 {[%clk 1:27:06]} 10. exd4 {[%clk 1:33:38]}  Nb4 {[%clk 1:23:32]} 11. Ne5 {[%clk 1:29:37]}  Nbd5 {[%clk 1:21:39]} 12. Bg5 {[%clk 1:24:11]}  Nxc3 {[%clk 1:14:20]} 13. bxc3 {[%clk 1:24:36]}  Nd5 {[%clk 1:13:08]} 14. Bxe7 {[%clk 1:21:13]}  Qxe7 {[%clk 1:08:45]} 15. Bd3 {[%clk 1:15:45]}  Nf4 {[%clk 0:54:40]} 16. Qe4 {[%clk 1:13:52]}  Nxd3 {[%clk 0:53:49]} 17. Rxd3 {[%clk 1:14:17]}  f5 {[%clk 0:48:32]} 18. Qe2 {[%clk 1:09:12]}  Rf6 {[%clk 0:42:43]} 19. Re3 {[%clk 0:46:31]}  Qe8 {[%clk 0:36:22]} 20. c4 {[%clk 0:38:59]}  f4 {[%clk 0:30:24]} 21. Rf3 {[%clk 0:21:50]}  b6 {[%clk 0:21:23]} 22. Qe4 {[%clk 0:21:28]}  Ba6 {[%clk 0:21:22]} 23. Rxf4 {[%clk 0:21:07]}  Rxf4 {[%clk 0:21:03]} 24. Qxf4 {[%clk 0:21:32]}  Qf8 {[%clk 0:20:28]} 25. Qe4 {[%clk 0:19:23]}  Rc8 {[%clk 0:16:09]} 26. Rc1 {[%clk 0:15:31]}  Qa3 {[%clk 0:13:35]} 27. Rc2 {[%clk 0:15:56]}  Qa4 {[%clk 0:11:33]} 28. d5 {[%clk 0:13:40]}  Bb7 {[%clk 0:05:26]} 29. Nc6 {[%clk 0:12:43]}  Bxc6 {[%clk 0:04:21]} 30. Qxe6+ {[%clk 0:12:43]}  Kf8 {[%clk 0:04:21]} 31. Qxc8+ {[%clk 0:13:07]}  Be8 {[%clk 0:03:36]} 32. Qf5+ {[%clk 0:13:20]}  Kg8 {[%clk 0:03:54]} 33. h3 {[%clk 0:12:30]}  g6 {[%clk 0:02:42]} 34. Qe4 {[%clk 0:12:18]}  Bd7 {[%clk 0:02:36]} 35. Re2 {[%clk 0:12:28]}  Qd1+ {[%clk 0:01:11]} 36. Kh2 {[%clk 0:12:32]}  Bf5 {[%clk 0:00:58]} 37. Qe8+ {[%clk 0:12:09]}  Kg7 {[%clk 0:01:26]} 38. Re7+ {[%clk 0:12:23]}  Kh6 {[%clk 0:01:24]} 39. Qf8+ {[%clk 0:12:44]}  Kg5 {[%clk 0:00:55]} 40. f4+ {[%clk 0:13:09]}  Kxf4 {[%clk 0:00:54]} 41. Qh6+ {[%clk 0:12:57]} 1-0

[Event "Weekender - Expert"]
[Site "Enniscrone, Sligo, IE"]
[Date "2026.02.01"]
[Round "4"]
[White "Ward, Paul"]
[Black "Melling, Jonathon"]
[Result "1-0"]
[Board "3"]
[WhiteFideId "2508257"]
[BlackFideId "841790"]
[WhiteElo "1845"]
[BlackElo "1878"]
[WhiteTeam "IRL"]
[BlackTeam "IRL"]
[WhiteClock "0:00:53"]
[BlackClock "0:00:45"]
[Variant "Standard"]

1. e4 {[%clk 1:29:25]}  c6 {[%clk 1:30:50]} 2. d4 {[%clk 1:29:11]}  d5 {[%clk 1:31:16]} 3. exd5 {[%clk 1:29:32]}  cxd5 {[%clk 1:31:43]} 4. Bd3 {[%clk 1:29:57]}  Nf6 {[%clk 1:32:10]} 5. c3 {[%clk 1:30:20]}  Bg4 {[%clk 1:32:26]} 6. Qb3 {[%clk 1:29:47]}  Qc7 {[%clk 1:32:51]} 7. h3 {[%clk 1:28:14]}  Bh5 {[%clk 1:33:07]} 8. g4 {[%clk 1:28:26]}  Bg6 {[%clk 1:33:32]} 9. Bxg6 {[%clk 1:28:47]}  hxg6 {[%clk 1:33:58]} 10. g5 {[%clk 1:29:09]}  Nfd7 {[%clk 1:34:24]} 11. Qxd5 {[%clk 1:29:20]}  e5 {[%clk 1:34:49]} 12. Be3 {[%clk 1:22:06]}  Nc6 {[%clk 1:35:11]} 13. Ne2 {[%clk 1:17:17]}  Nb6 {[%clk 1:35:26]} 14. Qb3 {[%clk 1:13:15]}  O-O-O {[%clk 1:34:59]} 15. Nd2 {[%clk 1:09:22]}  Qd7 {[%clk 1:20:55]} 16. O-O-O {[%clk 1:07:12]}  Na5 {[%clk 1:08:36]} 17. Qc2 {[%clk 1:06:58]}  Qe6 {[%clk 1:08:43]} 18. Kb1 {[%clk 1:00:25]}  Nac4 {[%clk 0:51:48]} 19. Nxc4 {[%clk 0:57:09]}  Nxc4 {[%clk 0:49:31]} 20. dxe5 {[%clk 0:50:41]}  Be7 {[%clk 0:46:15]} 21. Qe4 {[%clk 0:32:47]}  Qa6 {[%clk 0:44:36]} 22. Bc1 {[%clk 0:28:05]}  Bc5 {[%clk 0:29:14]} 23. Nd4 {[%clk 0:23:40]}  Bxd4 {[%clk 0:16:13]} 24. cxd4 {[%clk 0:17:57]}  Kb8 {[%clk 0:14:11]} 25. d5 {[%clk 0:15:55]}  Rc8 {[%clk 0:14:26]} 26. b3 {[%clk 0:10:30]}  Qb6 {[%clk 0:10:02]} 27. Ka1 {[%clk 0:07:55]}  Na5 {[%clk 0:08:52]} 28. Be3 {[%clk 0:07:25]}  Nxb3+ {[%clk 0:05:08]} 29. axb3 {[%clk 0:06:23]}  Qxb3 {[%clk 0:01:47]} 30. Rd3 {[%clk 0:04:54]}  Rc3 {[%clk 0:01:51]} 31. Rxc3 {[%clk 0:04:33]}  Qxc3+ {[%clk 0:02:18]} 32. Ka2 {[%clk 0:02:29]}  Qa5+ {[%clk 0:02:28]} 33. Kb1 {[%clk 0:02:07]}  Qb5+ {[%clk 0:01:04]} 34. Kc2 {[%clk 0:02:12]}  Rc8+ {[%clk 0:01:31]} 35. Kd1 {[%clk 0:01:39]}  Rc4 {[%clk 0:00:35]} 36. Qd3 {[%clk 0:00:35]}  Qa4+ {[%clk 0:00:36]} 37. Ke2 {[%clk 0:00:48]}  Qa2+ {[%clk 0:00:34]} 38. Kf3 {[%clk 0:01:08]}  a5 {[%clk 0:00:58]} 39. d6 {[%clk 0:00:48]}  Qa4 {[%clk 0:00:35]} 40. d7 {[%clk 0:00:57]}  Qc6+ {[%clk 0:01:02]} 41. Kg3 {[%clk 0:01:03]}  Qxh1 {[%clk 0:00:45]} 42. Qd6+ {[%clk 0:00:53]} 1-0

[Event "Weekender - Expert"]
[Site "Enniscrone, Sligo, IE"]
[Date "2026.02.01"]
[Round "4"]
[White "Webb, Nick"]
[Black "McIlroy, Ben"]
[Result "1/2-1/2"]
[Board "4"]
[WhiteFideId "2517302"]
[BlackFideId "2525097"]
[WhiteElo "1876"]
[BlackElo "1835"]
[WhiteTeam "IRL"]
[BlackTeam "IRL"]
[WhiteClock "0:33:52"]
[BlackClock "0:17:14"]
[Variant "Standard"]

1. Nf3 {[%clk 1:30:45]}  d5 {[%clk 1:30:45]} 2. c4 {[%clk 1:30:51]}  d4 {[%clk 1:31:01]} 3. b4 {[%clk 1:30:42]}  c5 {[%clk 1:31:13]} 4. Bb2 {[%clk 1:30:32]}  f6 {[%clk 1:29:53]} 5. g3 {[%clk 1:29:54]}  e5 {[%clk 1:29:53]} 6. d3 {[%clk 1:29:54]}  Bd6 {[%clk 1:24:32]} 7. Nbd2 {[%clk 1:27:45]}  Ne7 {[%clk 1:20:22]} 8. Bg2 {[%clk 1:25:56]}  O-O {[%clk 1:20:32]} 9. Ne4 {[%clk 1:23:19]}  Qc7 {[%clk 1:18:40]} 10. O-O {[%clk 1:21:04]}  cxb4 {[%clk 1:08:38]} 11. c5 {[%clk 1:10:35]}  Bxc5 {[%clk 1:09:02]} 12. Qb3+ {[%clk 1:09:30]}  Kh8 {[%clk 1:05:14]} 13. Rfc1 {[%clk 1:09:34]}  Na6 {[%clk 1:02:48]} 14. a3 {[%clk 1:08:51]}  Qb6 {[%clk 0:58:58]} 15. axb4 {[%clk 1:06:29]}  Be6 {[%clk 0:52:32]} 16. Qa4 {[%clk 1:05:32]}  Bxb4 {[%clk 0:44:14]} 17. Ba3 {[%clk 1:04:39]}  Bxa3 {[%clk 0:43:11]} 18. Qxa3 {[%clk 1:04:28]}  Qb4 {[%clk 0:37:02]} 19. Qxb4 {[%clk 1:01:40]}  Nxb4 {[%clk 0:37:19]} 20. Rc7 {[%clk 1:01:49]}  Nec6 {[%clk 0:36:58]} 21. Nc5 {[%clk 1:00:22]}  Bd5 {[%clk 0:35:18]} 22. Rxb7 {[%clk 1:00:03]}  a5 {[%clk 0:33:53]} 23. Nd2 {[%clk 0:56:15]}  Bxg2 {[%clk 0:33:44]} 24. Kxg2 {[%clk 0:56:40]}  Nd5 {[%clk 0:30:52]} 25. Nc4 {[%clk 0:55:07]}  Rfc8 {[%clk 0:29:59]} 26. Ne6 {[%clk 0:50:31]}  g6 {[%clk 0:27:40]} 27. Rd7 {[%clk 0:44:16]}  Nce7 {[%clk 0:23:50]} 28. Rxa5 {[%clk 0:38:24]}  Rxa5 {[%clk 0:22:54]} 29. Nxa5 {[%clk 0:38:44]}  Kg8 {[%clk 0:22:55]} 30. Nc4 {[%clk 0:33:49]}  Kf7 {[%clk 0:21:31]} 31. Rd6 {[%clk 0:33:52]}  Ra8 {[%clk 0:17:14]} 1/2-1/2

[Event "Weekender - Expert"]
[Site "Enniscrone, Sligo, IE"]
[Date "2026.02.01"]
[Round "4"]
[White "Verlekar, Vivaan"]
[Black "McDonnell, Odhran"]
[Result "0-1"]
[Board "6"]
[WhiteFideId "2516942"]
[BlackFideId "2507463"]
[WhiteElo "1887"]
[BlackElo "1832"]
[WhiteTeam "IRL"]
[BlackTeam "IRL"]
[WhiteClock "0:01:05"]
[BlackClock "0:00:36"]
[Variant "Standard"]

1. e4 {[%clk 1:30:55]}  c6 {[%clk 1:30:38]} 2. d4 {[%clk 1:31:16]}  d5 {[%clk 1:31:05]} 3. e5 {[%clk 1:31:34]}  Bf5 {[%clk 1:31:24]} 4. Nf3 {[%clk 1:31:47]}  e6 {[%clk 1:31:31]} 5. Be2 {[%clk 1:31:24]}  Nd7 {[%clk 1:31:01]} 6. O-O {[%clk 1:29:03]}  Ne7 {[%clk 1:26:15]} 7. Nbd2 {[%clk 1:25:29]}  c5 {[%clk 1:23:51]} 8. c3 {[%clk 1:23:16]}  Nc6 {[%clk 1:22:41]} 9. a3 {[%clk 1:07:53]}  a5 {[%clk 1:08:24]} 10. b3 {[%clk 1:02:51]}  Be7 {[%clk 1:06:01]} 11. Bb2 {[%clk 0:57:46]}  O-O {[%clk 1:04:34]} 12. Ne1 {[%clk 0:44:20]}  Qb6 {[%clk 0:57:35]} 13. Ndf3 {[%clk 0:40:51]}  f6 {[%clk 0:44:46]} 14. c4 {[%clk 0:34:46]}  Nxd4 {[%clk 0:36:57]} 15. Nxd4 {[%clk 0:34:36]}  cxd4 {[%clk 0:37:13]} 16. Bxd4 {[%clk 0:34:59]}  Bc5 {[%clk 0:36:40]} 17. Nf3 {[%clk 0:26:14]}  Be4 {[%clk 0:29:14]} 18. Bc3 {[%clk 0:15:36]}  Rfd8 {[%clk 0:20:11]} 19. exf6 {[%clk 0:11:23]}  Nxf6 {[%clk 0:19:03]} 20. Nd2 {[%clk 0:08:45]}  Bf5 {[%clk 0:15:00]} 21. Qe1 {[%clk 0:04:37]}  d4 {[%clk 0:11:02]} 22. Bb2 {[%clk 0:04:46]}  e5 {[%clk 0:11:03]} 23. Bf3 {[%clk 0:02:18]}  Re8 {[%clk 0:10:38]} 24. Kh1 {[%clk 0:01:10]}  Rad8 {[%clk 0:09:08]} 25. Qc1 {[%clk 0:00:46]}  e4 {[%clk 0:07:32]} 26. Bd1 {[%clk 0:01:08]}  Qe6 {[%clk 0:06:15]} 27. Re1 {[%clk 0:00:58]}  Qe5 {[%clk 0:05:40]} 28. Nf3 {[%clk 0:00:58]}  Qd6 {[%clk 0:05:17]} 29. Ng1 {[%clk 0:01:10]}  h6 {[%clk 0:03:15]} 30. Qd2 {[%clk 0:01:13]}  b6 {[%clk 0:02:57]} 31. Ne2 {[%clk 0:01:06]}  Ng4 {[%clk 0:01:34]} 32. Ng3 {[%clk 0:01:25]}  e3 {[%clk 0:01:07]} 33. fxe3 {[%clk 0:01:20]}  Nxe3 {[%clk 0:01:04]} 34. Nxf5 {[%clk 0:01:22]}  Nxf5 {[%clk 0:01:16]} 35. Bf3 {[%clk 0:01:44]}  Ne3 {[%clk 0:01:08]} 36. Qd3 {[%clk 0:01:45]}  Qf4 {[%clk 0:00:48]} 37. Re2 {[%clk 0:01:15]}  Re7 {[%clk 0:00:42]} 38. Rae1 {[%clk 0:01:23]}  Rde8 {[%clk 0:01:08]} 39. Bc1 {[%clk 0:01:38]}  Kh8 {[%clk 0:01:13]} 40. h3 {[%clk 0:01:10]}  Bd6 {[%clk 0:00:58]} 41. Kg1 {[%clk 0:00:40]}  Qh2+ {[%clk 0:01:00]} 42. Kf2 {[%clk 0:01:05]}  Bg3# {[%clk 0:00:36]} 0-1

[Event "Weekender - Expert"]
[Site "Enniscrone, Sligo, IE"]
[Date "2026.02.01"]
[Round "4"]
[White "Cummins, Sean"]
[Black "Mc Aleenan, Charles"]
[Result "1-0"]
[Board "8"]
[WhiteFideId "2512084"]
[BlackFideId "2461617"]
[WhiteElo "1874"]
[BlackElo "1859"]
[WhiteTeam "IRL"]
[BlackTeam "SCO"]
[WhiteClock "0:07:53"]
[BlackClock "0:00:35"]
[Variant "Standard"]

1. e4 {[%clk 1:30:53]}  d6 {[%clk 1:30:41]} 2. d4 {[%clk 1:31:07]}  Nf6 {[%clk 1:30:24]} 3. Nc3 {[%clk 1:31:19]}  e5 {[%clk 1:29:55]} 4. Nf3 {[%clk 1:30:57]}  Nbd7 {[%clk 1:28:56]} 5. Bc4 {[%clk 1:30:01]}  Be7 {[%clk 1:27:55]} 6. O-O {[%clk 1:29:44]}  O-O {[%clk 1:28:00]} 7. Re1 {[%clk 1:29:13]}  c6 {[%clk 1:26:33]} 8. a4 {[%clk 1:28:55]}  a5 {[%clk 1:24:56]} 9. h3 {[%clk 1:15:12]}  Qc7 {[%clk 1:20:46]} 10. b3 {[%clk 1:12:01]}  Nb6 {[%clk 1:13:27]} 11. Bf1 {[%clk 1:10:13]}  Nfd7 {[%clk 1:03:12]} 12. Ba3 {[%clk 1:02:59]}  Rd8 {[%clk 0:57:43]} 13. Qd2 {[%clk 0:53:28]}  exd4 {[%clk 0:52:28]} 14. Nxd4 {[%clk 0:50:46]}  Nc5 {[%clk 0:51:32]} 15. Rad1 {[%clk 0:46:59]}  g6 {[%clk 0:38:57]} 16. Qe3 {[%clk 0:43:05]}  Ne6 {[%clk 0:35:15]} 17. f4 {[%clk 0:31:41]}  Bf6 {[%clk 0:31:01]} 18. Nxe6 {[%clk 0:26:25]}  Bxe6 {[%clk 0:30:35]} 19. e5 {[%clk 0:24:09]}  dxe5 {[%clk 0:22:45]} 20. Rxd8+ {[%clk 0:24:16]}  Bxd8 {[%clk 0:22:58]} 21. fxe5 {[%clk 0:22:05]}  Nd5 {[%clk 0:21:20]} 22. Nxd5 {[%clk 0:20:43]}  Bxd5 {[%clk 0:20:40]} 23. e6 {[%clk 0:17:27]}  Bxe6 {[%clk 0:11:17]} 24. Bb2 {[%clk 0:17:09]}  Qb6 {[%clk 0:05:24]} 25. Bd4 {[%clk 0:17:14]}  c5 {[%clk 0:04:34]} 26. Bxc5 {[%clk 0:17:18]}  Qc6 {[%clk 0:02:33]} 27. Bd4 {[%clk 0:16:45]}  Qd5 {[%clk 0:02:47]} 28. Bc4 {[%clk 0:13:21]}  Bg5 {[%clk 0:01:37]} 29. Qc3 {[%clk 0:13:07]}  Qf5 {[%clk 0:00:52]} 30. g4 {[%clk 0:08:49]}  Qf4 {[%clk 0:00:31]} 31. Rxe6 {[%clk 0:08:56]}  Qc1+ {[%clk 0:00:35]} 32. Re1 {[%clk 0:07:53]} 1-0

[Event "Weekender - Expert"]
[Site "Enniscrone, Sligo, IE"]
[Date "2026.02.01"]
[Round "4"]
[White "Khanzharov, Edward"]
[Black "McGrady, Seth"]
[Result "1/2-1/2"]
[Board "9"]
[WhiteFideId "2511975"]
[BlackFideId "2532956"]
[WhiteElo "1822"]
[BlackElo "1782"]
[WhiteTeam "IRL"]
[BlackTeam "IRL"]
[WhiteClock "0:18:18"]
[BlackClock "0:01:54"]
[Variant "Standard"]

1. e4 {[%clk 1:30:52]}  c6 {[%clk 1:28:50]} 2. d4 {[%clk 1:31:16]}  d5 {[%clk 1:29:16]} 3. e5 {[%clk 1:31:41]}  c5 {[%clk 1:29:44]} 4. dxc5 {[%clk 1:32:04]}  Nc6 {[%clk 1:30:10]} 5. f4 {[%clk 1:32:27]}  Nh6 {[%clk 1:30:27]} 6. Be3 {[%clk 1:29:37]}  Bg4 {[%clk 1:27:19]} 7. Nf3 {[%clk 1:28:45]}  Nf5 {[%clk 1:27:27]} 8. Bf2 {[%clk 1:27:55]}  e6 {[%clk 1:27:43]} 9. c3 {[%clk 1:27:51]}  g5 {[%clk 1:27:01]} 10. h3 {[%clk 1:24:05]}  Bxf3 {[%clk 1:25:21]} 11. Qxf3 {[%clk 1:24:28]}  gxf4 {[%clk 1:24:40]} 12. Qxf4 {[%clk 1:23:03]}  Bh6 {[%clk 1:24:16]} 13. Qg4 {[%clk 1:13:38]}  Kf8 {[%clk 1:16:08]} 14. Qh5 {[%clk 1:11:39]}  Rg8 {[%clk 1:05:53]} 15. g4 {[%clk 1:07:35]}  Rg5 {[%clk 1:02:14]} 16. Bh4 {[%clk 1:07:58]}  Nxh4 {[%clk 1:01:04]} 17. Qxh6+ {[%clk 1:08:21]}  Ke8 {[%clk 1:01:28]} 18. Kd1 {[%clk 0:52:31]}  Rxe5 {[%clk 1:00:13]} 19. Bd3 {[%clk 0:39:47]}  Ng2 {[%clk 0:48:00]} 20. Qg7 {[%clk 0:27:28]}  Qh4 {[%clk 0:39:08]} 21. Qg8+ {[%clk 0:27:04]}  Ke7 {[%clk 0:37:22]} 22. Qxa8 {[%clk 0:27:24]}  Re1+ {[%clk 0:35:55]} 23. Rxe1 {[%clk 0:27:26]}  Qxe1+ {[%clk 0:36:17]} 24. Kc2 {[%clk 0:27:39]}  Na5 {[%clk 0:29:54]} 25. b4 {[%clk 0:25:42]}  Ne3+ {[%clk 0:24:08]} 26. Kb2 {[%clk 0:25:49]}  Nac4+ {[%clk 0:20:20]} 27. Bxc4 {[%clk 0:25:41]}  Nxc4+ {[%clk 0:20:21]} 28. Kc2 {[%clk 0:23:24]}  Qe2+ {[%clk 0:15:20]} 29. Kc1 {[%clk 0:17:49]}  Qe1+ {[%clk 0:06:00]} 30. Kc2 {[%clk 0:18:00]}  Qe2+ {[%clk 0:02:52]} 31. Kc1 {[%clk 0:18:10]}  Qe1+ {[%clk 0:02:10]} 32. Kc2 {[%clk 0:18:32]}  Qe2+ {[%clk 0:01:54]} 33. Kc1 {[%clk 0:18:18]} 1/2-1/2

[Event "Weekender - Expert"]
[Site "Enniscrone, Sligo, IE"]
[Date "2026.02.01"]
[Round "4"]
[White "Kurochkin, Iaromir"]
[Black "Kenny, William"]
[Result "0-1"]
[Board "10"]
[WhiteFideId "2516969"]
[BlackFideId "2509440"]
[WhiteElo "1780"]
[BlackElo "1834"]
[WhiteTeam "IRL"]
[BlackTeam "IRL"]
[WhiteClock "1:30:30"]
[BlackClock "1:30:30"]
[Variant "Standard"]

1. e4 {[%clk 1:29:26]}  e6 {[%clk 1:30:32]} 2. d4 {[%clk 1:29:49]}  d5 {[%clk 1:30:48]} 3. e5 {[%clk 1:30:15]}  c5 {[%clk 1:31:12]} 4. c3 {[%clk 1:30:34]}  Qb6 {[%clk 1:31:34]} 5. a3 {[%clk 1:30:59]}  Bd7 {[%clk 1:28:43]} 6. Nf3 {[%clk 1:31:00]}  Bb5 {[%clk 1:28:54]} 7. Bxb5+ {[%clk 1:29:30]}  Qxb5 {[%clk 1:29:16]} 8. Qe2 {[%clk 1:29:09]}  Qa6 {[%clk 1:26:20]} 9. Qxa6 {[%clk 1:25:07]}  Nxa6 {[%clk 1:26:44]} 10. b4 {[%clk 1:24:51]}  cxd4 {[%clk 1:26:25]} 11. cxd4 {[%clk 1:24:46]}  Ne7 {[%clk 1:20:36]} 12. Bd2 {[%clk 1:22:03]}  Nc8 {[%clk 1:18:27]} 13. Ke2 {[%clk 1:18:38]}  Nb6 {[%clk 1:12:42]} 14. Rc1 {[%clk 1:16:01]}  Nc4 {[%clk 1:11:24]} 15. Bc3 {[%clk 1:13:15]}  Be7 {[%clk 1:00:10]} 16. Nbd2 {[%clk 1:10:22]}  Nxd2 {[%clk 0:49:04]} 17. Bxd2 {[%clk 1:06:22]}  Kd7 {[%clk 0:43:05]} 18. b5 {[%clk 1:02:07]}  Nc7 {[%clk 0:42:00]} 19. a4 {[%clk 1:02:14]}  f6 {[%clk 0:36:19]} 20. h4 {[%clk 0:59:26]}  Rac8 {[%clk 0:33:07]} 21. g4 {[%clk 0:45:51]}  Na8 {[%clk 0:30:23]} 22. h5 {[%clk 0:28:58]}  Nb6 {[%clk 0:25:26]} 23. a5 {[%clk 0:26:41]}  Nc4 {[%clk 0:25:06]} 24. Bc3 {[%clk 0:26:05]}  fxe5 {[%clk 0:22:26]} 25. dxe5 {[%clk 0:24:24]}  Rhf8 {[%clk 0:21:16]} 26. Bd4 {[%clk 0:12:03]}  Bc5 {[%clk 0:18:31]} 27. Bxc5 {[%clk 0:11:00]}  Rxc5 {[%clk 0:18:56]} 28. Rab1 {[%clk 0:09:27]}  Rcc8 {[%clk 0:13:13]} 29. a6 {[%clk 0:08:00]}  b6 {[%clk 0:12:44]} 30. Rb3 {[%clk 0:07:01]}  Rf4 {[%clk 0:12:02]} 31. Rg1 {[%clk 0:05:02]}  Re4+ {[%clk 0:11:26]} 32. Kd3 {[%clk 0:04:24]}  Nxe5+ {[%clk 0:10:07]} 33. Nxe5+ {[%clk 0:04:42]}  Rxe5 {[%clk 0:10:32]} 34. f3 {[%clk 0:04:27]}  Rc4 {[%clk 0:06:55]} 35. Rf1 {[%clk 0:02:59]}  Kd6 {[%clk 0:07:11]} 36. Rc3 {[%clk 0:01:44]}  Re3+ {[%clk 0:06:35]} 37. Kxe3 {[%clk 0:01:40]}  Rxc3+ {[%clk 0:06:58]} 38. Kf4 {[%clk 0:01:38]}  e5+ {[%clk 0:06:38]} 39. Kf5 {[%clk 0:01:49]}  Rb3 {[%clk 0:05:58]} 40. h6 {[%clk 0:00:40]}  gxh6 {[%clk 0:05:44]} 41. Kf6 {[%clk 0:01:02]}  e4 {[%clk 0:03:43]} 42. f4 {[%clk 0:00:38]}  Rf3 {[%clk 0:03:23]} 43. Rc1 {[%clk 0:00:46]}  Rxf4 {[%clk 0:03:44]} 44. Kg7 {[%clk 0:01:14]}  Rxg4+ {[%clk 0:03:55]} 45. Kxh6 {[%clk 0:01:39]}  e3 {[%clk 0:02:50]} 46. Kh5 {[%clk 0:01:57]}  Rc4 {[%clk 0:03:00]} 47. Rf1 {[%clk 0:01:41]}  e2 {[%clk 0:03:05]} 48. Re1 {[%clk 0:02:01]}  Re4 {[%clk 0:03:29]} 49. Kg5 {[%clk 0:02:19]}  Ke5 {[%clk 0:03:43]} 50. Rg1 {[%clk 0:01:19]}  e1=Q {[%clk 0:04:01]} 51. Rh1 {[%clk 1:30:30]}  Qg3 {[%clk 1:30:30]} 0-1